Sports Quiz

Random Sports or Country Quiz

Winter Olympics Medal Winners Quiz Stats

Quiz Updated Jul 14, 2016

Challenge
Share
Tweet
Embed
Score 0/43 Timer 06:00
3 Plays Today
% Correct
United States
91.7%
Germany
90.3%
Russia
90%
Canada
89.7%
France
89.5%
Sweden
88.9%
Norway
88.7%
Switzerland
88.6%
Italy
88%
Finland
87.9%
Great Britain
87.6%
Netherlands
86.5%
Austria
86.2%
Poland
86%
Japan
85.9%
Denmark
84.7%
China
84.7%
Soviet Union
84%
West Germany
83.5%
East Germany
82.1%
Ukraine
81.1%
Czechoslovakia
79.8%
% Correct
Czechia
78.7%
Belgium
77.5%
South Korea
77.3%
Slovakia
76.1%
Hungary
74.6%
Australia
71.5%
Slovenia
71.5%
Yugoslavia
71.1%
Romania
69.4%
Spain
68.1%
Croatia
65.8%
Belarus
65.5%
Latvia
64.3%
Bulgaria
60.9%
Estonia
55.5%
Luxembourg
50.5%
New Zealand
49.7%
Kazakhstan
47.8%
Liechtenstein
46.1%
North Korea
38.6%
Uzbekistan
25.7%

You're not logged in!

Compare scores with friends on all Sporcle quizzes.
Join for Free
OR
Log In

You Might Also Like...

Show Comments

Extras

Top Quizzes Today


Score Distribution

Your Account Isn't Verified!

In order to create a playlist on Sporcle, you need to verify the email address you used during registration. Go to your Sporcle Settings to finish the process.

Report this User

Report this user for behavior that violates our Community Guidelines.

Details: